-Just- by Radiohead Lyrics - Statistics

General Stats
  • This quiz has been taken 168 times
  • The average score is 166 of 202
Answer Stats
Answer % Correct
you,
98%
you
98%
You
98%
do
97%
it
97%
your
97%
to
95%
a
93%
yourself,
92%
yourself
92%
And
91%
and
91%
that
86%
really
85%
just
83%
no
83%
One
83%
one
83%
hurts
81%
that's
80%
else
79%
get
77%
the
77%
be
76%
day
72%
what
70%
Can't
68%
for
68%
hanging
68%
Hanging
68%
stink
68%
been
67%
how
67%
'round
65%
cow
63%
days
63%
He
63%
teach
63%
holy
62%
friends
58%
come
57%
I'll
57%
off
57%
not
55%
floor
53%
like
53%
but
52%
out
51%
comet
50%
he'll
49%
Hell
49%
Is
48%
Comes
47%
sympathy
45%
Don't
43%
He's
43%
door
41%
my
38%
15th
37%
purest
37%
Suckered
37%
through
37%
Self
35%
times
34%
3
31%
still
30%
reeling
28%
locks
25%
Changed
23%
aw!
10%
No matching quizzes found
Score Distribution
Percent of People with Each Score
Percentile by Number Answered
Your Score History
You have not taken this quiz